Quiz dos estados brasileiros - Goiás - Statistics

Estatísticas Gerais
  • Esse quiz foi jogado 254 vezes
  • A pontuação média é 11 de 17
Estatísticas das Respostas
Dica Resposta % Correto
Capital Goiânia
100%
3 cidades mais populosas Goiânia
100%
O estado é referência nesse gênero musical sertanejo
93%
Dj de fama internacional Alok
81%
3 cidades mais populosas Aparecida de Goiânia
81%
Fruto do cerrado consumido junto com arroz, empada e outros pequi
81%
3 cidades mais populosas Anápolis
80%
Chapada que é considerada patrimônio mundial pela UNESCO Chapada dos Veadeiros
78%
Maior estância hidrotermal do mundo Caldas Novas
68%
Cantor intérprete de "Não Aprendi Dizer Adeus" e "Boate Azul" Leonardo
68%
O estado teve crescimento acelerado após a construção dessa cidade Brasília
66%
Parque de proteção ambiental com o nome da maior ave brasileira Parque Nacional das Emas
56%
Rio que marca a divisa com o estado do Mato Grosso Araguaia
55%
Poetisa e contista que teve seu primeiro livro publicado aos 76 anos de idade Cora Coralina
54%
Santuário em Trindade que atrai milhões de fiéis Divino Pai Eterno
33%
O estado é líder nacional na produção desses produtos agrícolas usados no dia-a-dia culinário tomate
20%
O estado é líder nacional na produção desses produtos agrícolas usados no dia-a-dia culinário alho
19%
Nenhum quiz correspondente encontrado
Distribuição das Pontuações
Porcentagem de Pessoas com Cada Pontuação
Percentil de Números Respondidos
Sua Pontuação Histórica
Você não jogou esse quiz